Hamlet / (Record no. 15310)
[ view plain ]
| 000 -LEADER | |
|---|---|
| fixed length control field | 00592nam a22002177a 4500 |
| 001 - CONTROL NUMBER | |
| control field | BD-DhSAU 2560 |
| 003 - CONTROL NUMBER IDENTIFIER | |
| control field | BD-DhSAU |
| 005 - DATE AND TIME OF LATEST TRANSACTION | |
| control field | 20210922153707.0 |
| 008 - FIXED-LENGTH DATA ELEMENTS--GENERAL INFORMATION | |
| fixed length control field | 150129b2019 bg a|||| |||| 001 0 eng d |
| 020 ## - INTERNATIONAL STANDARD BOOK NUMBER | |
| International Standard Book Number | 9847002100267 |
| Terms of availability | 123.001/- |
| 040 ## - CATALOGING SOURCE | |
| Original cataloging agency | BD-DhSAU |
| 082 ## - DEWEY DECIMAL CLASSIFICATION NUMBER | |
| Edition number | 22 |
| Classification number | 822.33 |
| Item number | Al117 |
| 100 ## - MAIN ENTRY--PERSONAL NAME | |
| Personal name | Shakespare, William |
| 245 ## - TITLE STATEMENT | |
| Title | Hamlet / |
| Statement of responsibility, etc. | William Shakespare |
| 260 ## - PUBLICATION, DISTRIBUTION, ETC. (IMPRINT) | |
| Place of publication, distribution, etc. | Dhaka : |
| Name of publisher, distributor, etc. | albatross Classics. , |
| Date of publication, distribution, etc. | 2019. |
| 300 ## - PHYSICAL DESCRIPTION | |
| Extent | xlix,xcvi, 282 p. : |
| Other physical details | ill. ; |
| Dimensions | 19 cm. |
| 600 ## - SUBJECT ADDED ENTRY--PERSONAL NAME | |
| Fuller form of name | William Shakespare |
| 650 ## - SUBJECT ADDED ENTRY--TOPICAL TERM | |
| Topical term or geographic name as entry element | Novel |
| 700 ## - ADDED ENTRY--PERSONAL NAME | |
| Personal name | Shakespare, William |
| 942 ## - ADDED ENTRY ELEMENTS (KOHA) | |
| Source of classification or shelving scheme | Dewey Decimal Classification |
| Koha item type | Book |
| Withdrawn status | Lost status | Source of classification or shelving scheme | Damaged status | Not for loan | Collection code | Home library | Branch Name | Shelving location | Date acquired | Total Checkouts | Full call number | Barcode | Date last seen | Price effective from | Koha item type | Public note | Date checked out |
|---|---|---|---|---|---|---|---|---|---|---|---|---|---|---|---|---|---|
| Dewey Decimal Classification | Not For Loan | Reference | SAU Library | SAU Library | Reference | 09/06/2021 | 822.33 Al117 | 42269 | 22/09/2021 | 22/09/2021 | Book | Project 2021 | |||||
| Dewey Decimal Classification | SAU Library | SAU Library | General Stacks | 09/06/2021 | 1 | 822.33 Al117 | 42270 | 06/03/2022 | 22/09/2021 | Book | Project 2021 | 06/02/2022 |
